Swine : feeding and nutrition /
Guardado en:
| Autor Principal: | |
|---|---|
| Formato: | Libro |
| Idioma: | English |
| Publicado: |
New York [etc.] :
Interscience,
1957.
|
| Etiquetas: |
Agregar Etiqueta
Sin Etiquetas, Sea el primero en etiquetar este registro!
|
| LEADER | 00428nam a22001335a 4500 | ||
|---|---|---|---|
| 001 | EEA.libagro002839 | ||
| 005 | 20191001103616.0 | ||
| 008 | 130809s1957####nyua##########000#0#eng#d | ||
| 082 | 0 | 4 | |a 636.4085 |
| 100 | 1 | |a Cunha, Tony J. | |
| 245 | 1 | 0 | |a Swine : |b feeding and nutrition / |c Tony J. Cunha. |
| 260 | |a New York [etc.] : |b Interscience, |c 1957. | ||
| 300 | |a xvi, 296 p. : |b il. ; |c 24 cm. | ||
| 859 | |a AR-BbBCA |b BIB. AGRONOMIA |h 636.4085 |i C972 |p 1980/0044 | ||
